000 01538nam0a2200361 4500
001 RU\NLR\bibl\1782761
005 20250616135450.0
010 _a978-5-8119-0443-3
_9150
021 _aRU
_b2011-40008
_92846
035 _a(nilc)RSL-KNO-004952088
035 _a(NLR Aleph) 001773504
090 _a1652705
_c1652705
100 _a20110531d2011 |||y0rusy50 ca
101 0 _arus
102 _aRU
105 _aa |||||||||
200 1 _aРусловые изыскания
_eучебное пособие
_fВ. В. Шамова
_gМ-во трансп. Российской Федерации, Федеральное агентство морского и речного трансп., ФГОУ ВПО "Новосибирская гос. акад. водного трансп."
210 _aНовосибирск
_cНГАВТ
_d2011
215 _a202 с.
_cил., табл.
_d21
320 _aБиблиогр.: с. 190-191 (26 назв.)
606 1 _aВнутренние водные пути
_jУчебные издания для высших учебных заведений
_xИзыскания
_91309827
_3RU\NLR\auth\66226559
686 _aН77-021.3я73-1
_2rubbk
686 _aО41-021я73-1
_2rubbk
686 _aО411.2-021я73-1
700 1 _aШамова
_bВ. В.
_gВера Васильевна
_4070
801 0 _aRU
_bRuMoRKP
_c20110531
_grcr
801 1 _aRU
_bРГБ
_c20110531
801 2 _aRU
_bNLR
_c20110624
_grcr
830 _aавт7 по кн.
942 _cBOOK
980 _aNB
980 _aNBR